000 00782nas a2200265 4500
001 BR0702065
003 BR-BrBNA
005 20231205110728.0
007 ta
008 230509b bl.|||p| |||| 00| 00por d
040 _aBR-BrBNA
_bpor
_cBiblioteca Nacional de Agricultura
041 _a(Pt)
072 _aJ11
100 1 _aChalfoun, S.M.
100 1 _aBatista, L.R.
245 1 _aIncidencia de ocratoxina A em diferentes frações de grãos de cafe (Coffea arabica L.)
650 _aCAFE
650 _aGRÃO
650 _aOCRATOXINA
650 _aCONTAMINAÇÃO
650 _aSEGURANÇA ALIMENTAR
773 0 _tCoffee Science (Brazil)
_xISSN 1809-6875
_g(Apr-Jun 2006), v. 1(1) p. 28-35
_wBR0702065
909 _a202311
_bLúcia
_c55
_dLúcia Elande
942 _2AGRIS
_n0
_cANA
999 _c188773
_d188773